000
00290nam a2200097Ia 4500
005
20251222114405.0
008
251222s1900||||xx |||||||||||||| ||spa||
082
_a
DVD191.3/U61/2004
245
0
_a
Miércoles empresariales: el sector minero en el Perú. Estrategias y oportunidades:
942
_c
DVD
999
_c
1802
_d
1802